Ways with coal /

Discusses the research to make the processes of coal combustion more efficient and cleaner. Considers the industrial and commercial uses of coal and its components.

Bibliographic Details
Corporate Authors: Granada Television International, Films for the Humanities & Sciences (Firm)
Other Authors: Smith, Jack, Robbie, Sue
Format: Video DVD
Language:English
Published: Princeton, N.J. : Films for the Humanities and Sciences, [2004]
Series:Chemistry in action.
Subjects:

MARC

Tag First Indicator Second Indicator Subfields
LEADER 00000cgm a2200000Ka 4500
001 in00002016641
005 20151031154910.0
007 vd cvaizu
008 041217s2004 enk020 e vleng d
028 4 2 |a FFH 1276  |b Films for the Humanities & Sciences 
035 |a (OCoLC)ocm57254497 
040 |a NTD  |c NTD  |d TXA  |d UtOrBLW 
049 |a TXAM 
050 4 |a TP325  |b .W39 2004 
245 0 0 |a Ways with coal /  |c Granada ; produced and directed by Jack Smith. 
264 1 |a Princeton, N.J. :  |b Films for the Humanities and Sciences,  |c [2004] 
300 |a 1 DVD-video (20 min.) :  |b sound, color ;  |c 4 3/4 in. 
336 |a two-dimensional moving image  |b tdi  |2 rdacontent 
337 |a video  |b v  |2 rdamedia 
338 |a videodisc  |b vd  |2 rdacarrier 
490 1 |a Chemistry in action 
538 |a DVD-R. 
511 0 |a Narrator, Sue Robbie. 
508 |a Cameraman, Michael Rainer ; film editor, John Thomas. 
520 |a Discusses the research to make the processes of coal combustion more efficient and cleaner. Considers the industrial and commercial uses of coal and its components. 
500 |a Videorecording. 
650 0 |a Coal. 
655 7 |a Educational films.  |2 lcgft 
700 1 |a Smith, Jack. 
700 1 |a Robbie, Sue. 
710 2 |a Granada Television International. 
710 2 |a Films for the Humanities & Sciences (Firm) 
830 0 |a Chemistry in action. 
948 |a cataloged  |b h  |c 2004/12/21  |d c  |e mphillip  |f 5:10:39 pm 
994 |a E0  |b TXA 
999 |a MARS 
999 f f |s 3c6b11ec-edf9-32b9-9fca-0e0e8d296feb  |i 9850b965-4485-349d-af1c-a9057b2be1e1  |t 0 
952 f f |p dvd  |a Texas A&M University  |b College Station  |c Sterling C. Evans Library  |d Evans: Media and Reserves (Annex 1st floor)  |t 0  |e TP325 .W39 2004  |h Library of Congress classification  |i video -- videodisc  |m A14832517967 
998 f f |a TP325 .W39 2004  |t 0  |l Evans: Media and Reserves (Annex 1st floor)